[Event "World Open 2014"]
[Site "Arlington, VA"]
[Date "2014.07.06"]
[Round "9"]
[White "Kannappan, Priyadharshan"]
[Black "Gareyev, Timur"]
[Result "1/2-1/2"]
[WhiteElo "2443"]
[BlackElo "2640"]
[PlyCount "93"]
[EventDate "2014.07.??"]
[EventType "swiss"]
[EventRounds "9"]
[EventCountry "USA"]

1. e4 c5 2. Nf3 d6 3. Bb5+ Nc6 4. O-O Bd7 5. Re1 Nf6 6. c3 a6 7. Bf1 Bg4 8. h3
Bh5 9. g4 Bg6 10. d4 cxd4 11. cxd4 d5 12. exd5 Nxd5 13. Nc3 e6 14. Nxd5 Qxd5
15. Bg2 Bb4 16. Ne5 Qb5 17. Bd2 O-O 18. a4 Qa5 19. Nxc6 bxc6 20. Re5 Qb6 21.
Bc3 Bd6 22. a5 Qa7 23. Re1 Rac8 24. Qa4 h5 25. gxh5 Bxh5 26. Qc4 Rfd8 27. Re3
Bf4 28. Re4 Bb8 29. Qc5 Bg6 30. Qxa7 Bxa7 31. Re3 Bxd4 32. Bxd4 Rxd4 33. Rc3
Be4 34. Bxe4 Rxe4 35. Rac1 Ra4 36. b4 Rxb4 37. Rxc6 Rxc6 38. Rxc6 Ra4 39. Rxa6
g5 40. Ra8+ Kg7 41. a6 Kf6 42. Ra7 e5 43. Kg2 Ra3 44. Kh2 Ke6 45. Kg2 f6 46.
Ra8 Kf5 47. a7 1/2-1/2

[Event "World Open 2014"]
[Site "Arlington, VA"]
[Date "2014.07.06"]
[Round "9"]
[White "Shulman, Yury"]
[Black "Mandizha, Farai"]
[Result "1/2-1/2"]
[WhiteElo "2568"]
[BlackElo "2385"]
[PlyCount "42"]
[EventDate "2014.07.??"]
[EventType "swiss"]
[EventRounds "9"]
[EventCountry "USA"]

1. c4 e5 2. g3 Nc6 3. Bg2 Nf6 4. Nc3 Bc5 5. e3 a6 6. Nge2 d6 7. O-O O-O 8. d4
Ba7 9. h3 Bd7 10. b3 Rb8 11. Bb2 exd4 12. Nxd4 Nxd4 13. exd4 b5 14. cxb5 axb5
15. d5 b4 16. Ne2 Re8 17. Nd4 Qc8 18. Kh2 Bc5 19. Qd2 Ra8 20. Nc6 Bxc6 21. dxc6
Qf5 1/2-1/2

[Event "World Open 2014"]
[Site "Arlington, VA"]
[Date "2014.07.06"]
[Round "9"]
[White "Nagle, Sean"]
[Black "Shimanov, Alex"]
[Result "1-0"]
[WhiteElo "2411"]
[BlackElo "2644"]
[PlyCount "115"]
[EventDate "2014.07.??"]
[EventType "swiss"]
[EventRounds "9"]
[EventCountry "USA"]

1. Nf3 f5 2. c4 g6 3. g3 Bg7 4. d4 Nf6 5. Bg2 O-O 6. O-O c6 7. b3 d6 8. Bb2 a5
9. Nc3 Na6 10. Rc1 h6 11. d5 e5 12. dxc6 bxc6 13. Nh4 g5 14. Bxc6 Rb8 15. Ng6
Nb4 16. Bb5 Re8 17. Bxe8 Nxe8 18. a3 Na6 19. Qd5+ Kh7 20. Qf7 Rb7 21. Nf8+ Kh8
22. Ng6+ Kh7 23. Nf8+ Kh8 24. Ne6 Qd7 25. Qxd7 Bxd7 26. Nxg7 Kxg7 27. Nb5 Bxb5
28. cxb5 Rxb5 29. Rb1 Nc5 30. Bc3 Nf6 31. Bxa5 Rxa5 32. b4 Rxa3 33. bxc5 dxc5
34. Ra1 Rxa1 35. Rxa1 f4 36. Ra5 Kg6 37. Rxc5 Kf5 38. Kg2 g4 39. gxf4 Kxf4 40.
Rc6 Kg5 41. Ra6 h5 42. Ra4 Nd5 43. e3 Ne7 44. Ra5 Ng6 45. Kg3 Kf5 46. Ra7 Kg5
47. Rh7 Nf8 48. Rg7+ Ng6 49. Rg8 Kf5 50. f3 gxf3 51. Kxf3 Nh4+ 52. Kg3 Ng6 53.
Rg7 Kg5 54. h4+ Kf5 55. Rh7 Ke4 56. Rxh5 Ne7 57. Rg5 Nf5+ 58. Rxf5 1-0

[Event "World Open 2014"]
[Site "Arlington, VA"]
[Date "2014.07.06"]
[Round "9"]
[White "Santarius, Erik"]
[Black "Barbosa, Oliver"]
[Result "0-1"]
[WhiteElo "2332"]
[BlackElo "2561"]
[PlyCount "50"]
[EventDate "2014.07.??"]
[EventType "swiss"]
[EventRounds "9"]
[EventCountry "USA"]

1. Nf3 d5 2. d4 Nf6 3. c4 c6 4. e3 Bg4 5. Nbd2 e6 6. Bd3 Bd6 7. h3 Bh5 8. Qb3
Qc7 9. O-O Bg6 10. Qc2 Nbd7 11. e4 dxe4 12. Nxe4 Nxe4 13. Bxe4 O-O 14. Bxg6
hxg6 15. Qe4 c5 16. b3 Nf6 17. Qh4 cxd4 18. Nxd4 a6 19. Bb2 Nh5 20. Qe4 Rad8
21. Rad1 Rd7 22. Nf3 Rfd8 23. Ne5 Ng3 24. fxg3 Bc5+ 25. Kh2 Rxd1 0-1

[Event "World Open 2014"]
[Site "Arlington, VA"]
[Date "2014.07.06"]
[Round "9"]
[White "Brattain, Mika"]
[Black "Filip, Panchevski"]
[Result "0-1"]
[WhiteElo "2285"]
[BlackElo "2481"]
[PlyCount "96"]
[EventDate "2014.07.??"]
[EventType "swiss"]
[EventRounds "9"]
[EventCountry "USA"]

1. Nf3 d6 2. d4 g6 3. c4 Bg7 4. Nc3 e5 5. dxe5 dxe5 6. Qxd8+ Kxd8 7. Bd2 Nd7 8.
O-O-O f6 9. g4 Ne7 10. Rg1 a6 11. e3 Ke8 12. Ne4 b6 13. Bc3 Bb7 14. Nfd2 Rg8
15. Be2 Nc6 16. f4 Bf8 17. fxe5 fxe5 18. g5 Be7 19. Bg4 Rd8 20. Rgf1 Rf8 21.
Rxf8+ Nxf8 22. Rf1 b5 23. a3 Rd3 24. cxb5 axb5 25. Be2 Rxe3 26. Bxb5 Kd8 27.
Nf6 Nd4 28. Bc4 Ne2+ 29. Bxe2 Rxe2 30. h4 Rh2 31. Bxe5 Rxh4 32. Ng8 Ne6 33.
Nxe7 Kxe7 34. Bf6+ Kd6 35. Nf3 Rc4+ 36. Kd2 Rc5 37. b4 Rd5+ 38. Ke3 Ba6 39. Rc1
Rd3+ 40. Kf2 Rxa3 41. Ne5 Kd5 42. Rd1+ Ke4 43. Re1+ Kf5 44. Nf3 Nf4 45. Nd4+
Kg4 46. Re7 Nd3+ 47. Kg1 Ra1+ 48. Kh2 Bb7 0-1

[Event "World Open 2014"]
[Site "Arlington, VA"]
[Date "2014.07.06"]
[Round "9"]
[White "Fishbein, Alexander"]
[Black "Shetty, Atulya"]
[Result "1-0"]
[WhiteElo "2479"]
[BlackElo "2302"]
[PlyCount "65"]
[EventDate "2014.07.??"]
[EventType "swiss"]
[EventRounds "9"]
[EventCountry "USA"]

1. e4 e6 2. d4 d5 3. exd5 exd5 4. Nf3 Nc6 5. h3 Bf5 6. Be2 Qd7 7. c4 O-O-O 8.
Nc3 dxc4 9. Be3 Nb4 10. Rc1 Bd3 11. O-O Bd6 12. b3 Bxe2 13. Qxe2 cxb3 14. Nb5
a6 15. Nxd6+ Qxd6 16. Qc4 Nxa2 17. Rb1 Qd5 18. Qxb3 Nf6 19. Qa3 Ne4 20. Rb3
Nac3 21. Rxc3 Nxc3 22. Qxc3 Rhe8 23. Rc1 Rd7 24. Ne5 Rde7 25. Nc4 Kb8 26. Bf4
f6 27. Nb6 Qc6 28. Qa5 Qb5 29. Qxb5 axb5 30. Kh2 Ka7 31. Nd5 Rd7 32. Ra1+ Kb8
33. Nb6 1-0

[Event "World Open 2014"]
[Site "Arlington, VA"]
[Date "2014.07.06"]
[Round "9"]
[White "Cheng, Bindi"]
[Black "Sheng, Joshua"]
[Result "1-0"]
[WhiteElo "2410"]
[BlackElo "2050"]
[PlyCount "63"]
[EventDate "2014.07.??"]
[EventType "swiss"]
[EventRounds "9"]
[EventCountry "USA"]

1. d4 Nf6 2. Nf3 g6 3. g3 Bg7 4. Bg2 O-O 5. O-O d6 6. a4 a5 7. b3 Nbd7 8. Bb2
c6 9. Nbd2 Qc7 10. Nc4 d5 11. Ncd2 Rd8 12. c4 dxc4 13. Nxc4 Ne4 14. Qc2 Nd6 15.
Ncd2 Nb6 16. e4 f5 17. e5 Ne8 18. h4 Be6 19. h5 Bd5 20. hxg6 hxg6 21. Nh4 Kh7
22. Bxd5 cxd5 23. Qd3 e6 24. Kg2 Bh6 25. Rh1 Qg7 26. Rh2 Kg8 27. Rah1 Bg5 28.
Nhf3 Be7 29. Qe3 Nd7 30. Ng5 Nf8 31. Ndf3 Nc7 32. Qf4 1-0

[Event "World Open 2014"]
[Site "Arlington, VA"]
[Date "2014.07.06"]
[Round "9"]
[White "Wu, Christopher"]
[Black "Goletiani, Rusudan"]
[Result "0-1"]
[WhiteElo "2240"]
[BlackElo "2325"]
[PlyCount "78"]
[EventDate "2014.07.??"]
[EventType "swiss"]
[EventRounds "9"]
[EventCountry "USA"]

1. e4 c5 2. Nf3 e6 3. d4 cxd4 4. Nxd4 a6 5. Bd3 Bc5 6. Nb3 Be7 7. O-O Nc6 8.
Qe2 d6 9. f4 Qc7 10. Be3 Nf6 11. N1d2 O-O 12. c3 Re8 13. Nd4 Bf8 14. h3 e5 15.
Nxc6 Qxc6 16. Kh1 b5 17. c4 bxc4 18. Bxc4 Nxe4 19. Nxe4 Qxe4 20. Rad1 Bb7 21.
fxe5 d5 22. Bb3 Qxe5 23. Qf3 Re7 24. Bf4 Qxb2 25. Bg5 Rc7 26. Rc1 Rac8 27. Rc2
Qa3 28. Rxc7 Rxc7 29. Qf5 Bc8 30. Qxd5 Be6 31. Qd8 Rc8 32. Qd3 Bxb3 33. axb3
Rb8 34. Qc4 Qxb3 35. Qxa6 Rb5 36. Bf4 Qc4 37. Qa1 Rf5 38. g3 g5 39. Qb1 Qd5+
0-1

[Event "World Open 2014"]
[Site "Arlington, VA"]
[Date "2014.07.06"]
[Round "9"]
[White "Li, Ruifeng"]
[Black "Liang, Awonder"]
[Result "1-0"]
[WhiteElo "2305"]
[BlackElo "2211"]
[PlyCount "57"]
[EventDate "2014.07.??"]
[EventType "swiss"]
[EventRounds "9"]
[EventCountry "USA"]

1. e4 c5 2. Nc3 d6 3. f4 Nc6 4. Nf3 g6 5. Bc4 Bg7 6. O-O Nf6 7. d3 O-O 8. Qe1
e6 9. Bb3 Na5 10. Qh4 Nxb3 11. axb3 Nd7 12. Qxd8 Rxd8 13. Nb5 Nf8 14. e5 dxe5
15. fxe5 Bd7 16. Nxa7 Be8 17. Be3 Nd7 18. d4 cxd4 19. Bxd4 g5 20. g4 Nb8 21.
Bb6 Rd5 22. Nc8 Rxa1 23. Rxa1 Nc6 24. Ra8 Bf8 25. Nd6 Bd7 26. Ne4 Kg7 27. Nf6
Rd1+ 28. Kg2 h6 29. Nh5+ 1-0

[Event "World Open 2014"]
[Site "Arlington, VA"]
[Date "2014.07.06"]
[Round "9"]
[White "Dale, Ari"]
[Black "Yuvarajan, Prathiba"]
[Result "1/2-1/2"]
[WhiteElo "2318"]
[BlackElo "2194"]
[PlyCount "65"]
[EventDate "2014.07.??"]
[EventType "swiss"]
[EventRounds "9"]
[EventCountry "USA"]

1. d4 e6 2. c4 f5 3. g3 d5 4. Bg2 c6 5. Nf3 Nf6 6. O-O Bd6 7. Bf4 Bxf4 8. gxf4
O-O 9. Nbd2 b6 10. Qc2 Qd6 11. e3 a5 12. Rfc1 Na6 13. cxd5 Nb4 14. Qc3 Nfxd5
15. Qa3 Ba6 16. Ne5 Rac8 17. Qb3 Bb5 18. a3 a4 19. Qd1 Na6 20. b3 axb3 21. Qxb3
Nb8 22. Rab1 Nd7 23. a4 Be2 24. Nxd7 Qxd7 25. Nc4 Bxc4 26. Rxc4 Rf6 27. Bxd5
Qxd5 28. Rb4 Rg6+ 29. Kf1 Qg2+ 30. Ke2 Qg4+ 31. Kf1 Qg2+ 32. Ke2 Qg4+ 33. Kf1
1/2-1/2

[Event "World Open 2014"]
[Site "Arlington, VA"]
[Date "2014.07.06"]
[Round "9"]
[White "De T Checa, Nicolas"]
[Black "Wheeler, Cameron"]
[Result "1/2-1/2"]
[WhiteElo "2093"]
[BlackElo "2242"]
[PlyCount "54"]
[EventDate "2014.07.??"]
[EventType "swiss"]
[EventRounds "9"]
[EventCountry "USA"]

1. d4 d5 2. c4 c6 3. Nf3 Nf6 4. e3 e6 5. b3 Nbd7 6. Bd3 Bd6 7. O-O O-O 8. Bb2
b6 9. Nbd2 Bb7 10. Qe2 c5 11. e4 dxe4 12. Nxe4 Nxe4 13. Bxe4 Bxe4 14. Qxe4 Nf6
15. Qe2 cxd4 16. Bxd4 Be7 17. Rad1 Qc7 18. Be5 Qb7 19. Rd3 Rad8 20. Rfd1 h6 21.
h3 Rxd3 22. Rxd3 Rd8 23. Qd1 Rxd3 24. Qxd3 Nd7 25. Bb2 Nc5 26. Qe2 Qe4 27. Qxe4
Nxe4 1/2-1/2

[Event "World Open 2014"]
[Site "Arlington, VA"]
[Date "2014.07.06"]
[Round "9"]
[White "Holroyd, Kenneth"]
[Black "Helfst, Matt"]
[Result "0-1"]
[WhiteElo "2116"]
[BlackElo "1951"]
[PlyCount "39"]
[EventDate "2014.07.??"]
[EventType "swiss"]
[EventRounds "9"]
[EventCountry "USA"]

1. d4 e6 2. c4 d5 3. Nc3 Be7 4. Nf3 Nf6 5. Bf4 c6 6. e3 O-O 7. Qc2 Nbd7 8. Rd1
b6 9. Be2 Bb7 10. O-O Nh5 11. Ne5 Nxf4 12. exf4 dxc4 13. Bxc4 Nf6 14. Rfe1 Nd5
15. f5 f6 16. Ng6 hxg6 17. fxg6 Bc8 18. Qe2 Nf4 19. Qg4 Bd6 20. Rxe6 0-1